| 000 | 00341nam a22001457a 4500 | ||
|---|---|---|---|
| 003 | SGT | ||
| 082 |
_a610.73 _bF21T |
||
| 100 | _aTAYLOR. CAROL | ||
| 245 | _aFUNDAMENTALS OF NURSING VOL-2 | ||
| 250 | _a1ST S.A. | ||
| 260 |
_aINDIA _bWOLTERS KLUWER PUB _c2021 |
||
| 300 | _a1257 | ||
| 650 | _aFUNDAMENTALS OF NURSING | ||
| 942 |
_2ddc _cBK _040 |
||
| 999 |
_c21945 _d21945 |
||